000 00616cam a22002051 4500
001 45833
090 _a45833
100 _a19931014d1938 km y0pory5003 ba
101 1 _apor
102 _aPT
200 1 _aÁustria, pátria minha!
_fKurt von Schuschnigg
_gtrad. de Almeida de Eça
210 9 _aLisboa
_cEditorial Inquérito,
_d1938
215 _a399, [15] p.
_d20 cm
675 _a323(436)"19"
_vBN
_zpor
675 _a316.7(436)"19"
_vBN
_zpor
675 _a94(436)"19"
_vBN
_zpor
700 1 _aSchuschnigg,
_bKurt von,
_f1897-1977
702 1 _aE—ca,
_bVicente de Almeida de,
_f1852-1929
_4730
801 0 _aPT
_bBN
_gRPC
990 _cLIVROS